| 000 | 00784nas a2200241Ia 4500 | ||
|---|---|---|---|
| 001 | R119/44947 | ||
| 003 | IT-RoPAU | ||
| 008 | 151124c99999999xx |||||||||||| ||und|| | ||
| 040 | _aIT-RoPAU | ||
| 040 | _cIT-RoPAU | ||
| 041 | _aITALIANO | ||
| 100 |
_aSilbermann Alphons _gCodice Aut. SPICS: 1260 |
||
| 210 | _aIKON-QUADERNI DI IKON | ||
| 222 | _aIkon-Quaderni Di Ikon | ||
| 245 |
_aIKON, ANNO 04-N.10/11 (1981) _bRadio E Televisione: Nuovi Media, Nuovi Bisogni, Nuovi Metodi |
||
| 250 | _a1a ed. | ||
| 260 |
_aMILANO _bANGELI FRANCO _c1981 |
||
| 501 |
_bPaulus - SPICS - Società San Paolo EM (non-commercial uses only) _cCopyright2015 |
||
| 300 | _a5 p. [205-209] | ||
| 362 | _aANNO 004, N.10/11 (1981) | ||
| 650 |
_aCOMUNICAZIONE _vPUBBLICAZIONE PERIODICA |
||
| 942 | _cCR | ||
| 999 |
_c116337 _d116337 |
||